|
|
|
|
| LEADER |
00000nab a2200000 ar4500 |
| 001 |
vtls009082423 |
| 003 |
SK-MaSNL |
| 005 |
20260303065737.0 |
| 008 |
070724c2007 xo mr|p|||||||000 b|slo |
| 015 |
|
|
|a SNBRB2007/07
|2 snkbucl
|
| 038 |
|
|
|a SNKBUCL
|
| 040 |
|
|
|a SNKBUCL
|b slo
|c SNKBUCL
|e AACR2
|
| 041 |
0 |
|
|a slo
|
| 044 |
|
|
|a xo
|c SK
|
| 080 |
|
|
|a 269.8
|2 1997
|
| 100 |
1 |
|
|a Raučinová, Mária
|4 aut
|9 418556
|
| 245 |
1 |
0 |
|a Kvapka za kvapkou... každý deň
|c Mária Raučinová
|
| 300 |
|
|
|b Fotogr.
|
| 650 |
0 |
7 |
|a duchovná obnova
|2 snkbucl
|9 31779
|
| 650 |
0 |
7 |
|a všednosť
|2 snkbucl
|9 1066211
|
| 773 |
0 |
|
|t Katolícke noviny
|g Roč. 122, č. 29 (2007), s. 8-9
|x 0139-8512
|
| 852 |
|
|
|a SNK
|b KIS3GCP
|
| 958 |
|
|
|a NT
|
| 999 |
|
|
|c 1752482
|d 1754412
|